000 00662nam a2200253Ia 4500
003 OSt
005 20220918164424.0
006 a|||||r|||| 00| 0
007 ta
008 220917b |||||||| |||| 00| 0 eng d
020 _a0571154875
024 _a29,580
037 _cTextual
040 _aARTS
_cARTS
_beng
041 _2eng
_aeng
082 _aO111,3N11,11, M9
100 _aGiolding William
_918814
245 0 _aFire down below
260 _aLondon
_bFaber and faber UK
_c1990
300 _a313p.
_ccm.
650 _aENGLISH LITERATURE
942 _hO111,3N11,11, M9
_cTEXL
_2CC
999 _c124692
_d124692